Sports Quiz

Random Sports or Basketball Quiz

Two-Word NCAA Men's Basketball Team Names Quiz Stats

Quiz Updated Dec 22, 2016

Challenge
Share
Tweet
Embed
Score 0/50 Timer 10:00
1 Play Today
Conference Official NCAA Team Name % Correct
ACCDuke Blue Devils
85.6%
NortheastCentral CT State Blue Devils
84.6%
ACCNorth Carolina Tar Heels
72.4%
ACCNotre Dame Fighting Irish
65.8%
ACCWake Forest Demon Deacons
60.7%
Big TenIllinois Fighting Illini
60.2%
Big TenPenn State Nittany Lions
59.9%
Big EastMarquette Golden Eagles
57.2%
C-USASo. Mississippi Golden Eagles
57.1%
Ohio ValleyTennessee Tech Golden Eagles
57%
Summit LeagueOral Roberts Golden Eagles
57%
Big TenMinnesota Golden Gophers
56.5%
Pac-12Arizona State Sun Devils
54.6%
Pac-12California Golden Bears
53.6%
SECAlabama Crimson Tide
53.5%
ACCGeorgia Tech Yellow Jackets
49.7%
Big 12Texas Tech Red Raiders
48.7%
Big EastSt. John's Red Storm
45.4%
Mountain WestUNLV Runnin' Rebels
36.7%
Big TenRutgers Scarlet Knights
36.5%
Ivy LeagueCornell Big Red
34.5%
The AmericanTulane Green Wave
33.5%
Mountain WestNevada Wolf Pack
33.1%
Big EastDePaul Blue Demons
32.2%
Big 12TCU Horned Frogs
27%
Conference Official NCAA Team Name % Correct
Ivy LeagueDartmouth Big Green
25.3%
The AmericanTulsa Golden Hurricane
24.5%
C-USAMarshall Thundering Herd
22.3%
Patriot LeagueArmy Black Knights
21.6%
C-USANorth Texas Mean Green
19%
Sun BeltUL-Lafayette Ragin' Cajuns
16.9%
Mid-AmericanKent State Golden Flashes
16.1%
America EastMaine Black Bears
14.8%
Big WestHawai'i Rainbow Warriors
13.6%
C-USAMid Tennessee State Blue Raiders
12.4%
Sun BeltArkansas State Red Wolves
9%
America EastAlbany Great Danes
8.7%
America EastUMass Lowell River Hawks
8.6%
Missouri ValleyEvansville Purple Aces
7.2%
HorizonOakland Golden Grizzlies
6.5%
MAACNiagara Purple Eagles
6.4%
Patriot LeagueLehigh Mountain Hawks
6%
Big SouthPresbyterian Blue Hose
5.6%
MAACCanisius Golden Griffins
5.5%
MAACMarist Red Foxes
5.4%
Big SouthCampbell Fighting Camels
5.3%
SWACMississippi Valley St Delta Devils
5.2%
SWACArkansas-Pine Bluff Golden Lions
4.5%
Big SouthGardner-Webb Runnin' Bulldogs
3.9%
NortheastSaint Francis Red Flash
3.6%

You're not logged in!

Compare scores with friends on all Sporcle quizzes.
Sign Up with Email
OR
Log In

You Might Also Like...

Show Comments

Extras

Top Quizzes Today


Score Distribution

Your Account Isn't Verified!

In order to create a playlist on Sporcle, you need to verify the email address you used during registration. Go to your Sporcle Settings to finish the process.